Departments of France and their capitals / Départements français et leurs capitales #3 - Statistics

General Stats
  • This quiz has been taken 372 times
  • The average score is 11 of 15
Answer Stats
Hint Answer % Correct
Gironde Bordeaux
98%
Loire Atlantique Nantes
91%
Hérault Montpellier
89%
Isère Grenoble
86%
Ille et Vilaine Rennes
85%
Haute Garonne Toulouse
85%
Loiret Orléans
75%
Loire St Etienne
74%
Indre et Loire Tours
65%
Landes Mont de Marsan
61%
Loir et Cher Blois
53%
Indre Châteauroux
53%
Gers Auch
49%
Haute Loire Le Puy en Velay
47%
Jura Lons le Saunier
46%
No matching quizzes found
Score Distribution
Percent of People with Each Score
Percentile by Number Answered
Your Score History
You have not taken this quiz